000
00279nam a2200097Ia 4500
082
_a
368 VANG
245
0
_a
Ukuvuka kwam ekufeni
100
_a
NGENELWA, Thembelani Cape Town, South Africa, 2008 1st ed
_9
80876
942
_c
BK
008
210817s9999 xx 000 0 und d
999
_c
285555
_d
285554